书目信息 |
| 题名: |
服装材料与应用
|
|
| 作者: | 陈娟芬 , 闵悦 主编 | |
| 分册: | ||
| 出版信息: | 北京 北京理工大学出版社 2010.08 |
|
| 页数: | 153页 | |
| 开本: | 29cm | |
| 丛书名: | ||
| 单 册: | ||
| 中图分类: | TS941.15 | |
| 科图分类: | ||
| 主题词: | 服装--材料--高等学校--教材 , 服装 | |
| 电子资源: | ||
| ISBN: | 978-7-5640-3599-0 | |
| 000 | 00948nam0 22002651 450 | |
| 001 | 005038720 | |
| 005 | 20101116002602.0 | |
| 010 | @a978-7-5640-3599-0@dCNY 42.00 | |
| 100 | @a20101102d2010 em y0chiy50 ea | |
| 101 | 0 | @achi |
| 102 | @aCN@b110000 | |
| 105 | @aa z 000yy | |
| 200 | 1 | @a服装材料与应用@9fu zhuang cai liao yu ying yong@f陈娟芬,闵悦主编 |
| 210 | @a北京@c北京理工大学出版社@d2010.08 | |
| 215 | @a153页@c彩图@d29cm | |
| 300 | @a21世纪高等院校服装专业创新型精品规划教材/刘瑞璞,张晓黎主编 | |
| 330 | @a本书阐述了服装材料的纤维和纱线、织物组织结构及染整等基本理论知识,并以常用服装为载体,对服装面料和辅料进行了详细介绍,同时配有大量服装材料和实例图片。 | |
| 606 | 0 | @a服装@x材料@x高等学校@j教材 |
| 606 | 0 | @a服装 |
| 690 | @aTS941.15@v5 | |
| 701 | 0 | @a陈娟芬@9chen juan fen@4主编 |
| 701 | 0 | @a闵悦@9min yue@c(女,@f1977~)@4主编 |
| 801 | 0 | @aCN@b91MARC@c20101222 |
| 905 | @aBZT@dTS941.15@e1 | |
| 906 | @dCNY48.00@n0@r1 | |
| 服装材料与应用/陈娟芬,闵悦主编.-北京:北京理工大学出版社,2010.08 |
| 153页:彩图;29cm |
| 21世纪高等院校服装专业创新型精品规划教材/刘瑞璞,张晓黎主编 |
| ISBN 978-7-5640-3599-0:CNY 42.00 |
| 本书阐述了服装材料的纤维和纱线、织物组织结构及染整等基本理论知识,并以常用服装为载体,对服装面料和辅料进行了详细介绍,同时配有大量服装材料和实例图片。 |
| ● |
| 相关链接 |
|
|
|
正题名:服装材料与应用
索取号:TS941.15/1
 
预约/预借
| 序号 | 登录号 | 条形码 | 馆藏地/架位号 | 状态 | 备注 |
| 1 | 756004 | 2000756004 | 样本书库/样004架A面2层1列/ [索取号:TS941.15/1] | 在馆 | |
| 2 | 756005 | 2000756005 | 中心书库中库/ 中库024架B面1列6层56/ [索取号:TS941.15/1] | 在馆 | |
| 3 | 756006 | 2000756006 | 中心书库中库/ 中库024架B面1列6层55/ [索取号:TS941.15/1] | 在馆 | |
| 4 | 756007 | 2000756007 | 中心书库中库/ 中库024架B面4列7层33/ [索取号:TS941.15/1] | 在馆 | |
| 5 | 756008 | 2000756008 | 中心书库中库/ 中库024架B面4列7层28/ [索取号:TS941.15/1] | 在馆 | |
| 6 | 756009 | 2000756009 | 中心书库中库/ 中库024架B面1列6层57/ [索取号:TS941.15/1] | 在馆 |